000 00906nam a2200169 i 4500
001 160166
003 ES-MaACL
005 20230906211944.0
008 040921m18451862fr l |||| | fre d
100 1 _aMoreau-Christophe, Louis-Mathurin.
_9130158
245 1 0 _aCode des prisons ou Recueil complet des lois, ordonnances, arrêtés, règlements, circulaires et instructions ministérielles concernant le régime intérieur, économique et disciplinaire des Maisons d'Arrêt ... /
_cpar M. Moreau-Christophe.
260 _aParis :
_bImp. Administrative de Paul Dupont,
_c1845-1862.
300 _av. ;
_c22 cm.
505 8 _aContiene: T.I, 1845: De 1670 à 1845 (507 p.) - T.II, 1856: De 1846 à 1856 (462 p.) - T.III, 1862: De 1856 à 1862 (237 p.)
650 _aDerecho penitenciario-
_zFrancia.
_9141896
852 _aES-MaACL
_jD-222-24
_z-- Enc. hol., conservando la cub. original
_z. - Donativo Lastres
999 _c160166
_d160166